000 002260000a22000970004500
100 1 _aUprichard, R. E. H.
245 1 0 _aChrist in the Psalms
300 _aVol. 5, Núm 4 (1987), Páginas 15-16
773 0 _tEvangel
942 _cANA
999 _c54323
_d54323